Visión cristiana del hombre

Sábháilte in:
Sonraí bibleagrafaíochta
Príomhchruthaitheoir: Videla Torres, Alfredo (Údar)
Formáid: LEABHAR
Teanga:Spáinnis
Foilsithe / Cruthaithe: Santiago Salesiana 1963
Ábhair:
Clibeanna: Cuir clib leis
Níl clibeanna ann, Bí ar an gcéad duine le clib a chur leis an taifead seo!

MARC

LEADER 00000nam a2200000 a 4500
001 UCT7284
003 CL-VaPUC
008 970117e19630000CL |||||||||||||||||spa|d
082 0 4 |a 261  |b VID  |2 21 
100 0 |a Videla Torres, Alfredo  |e author  |9 378202 
245 1 0 |a Visión cristiana del hombre 
300 |a 176 p 
942 |c BK 
945 |d 19970117 00:00:00  |a rbrito 
260 |a Santiago  |b Salesiana  |c 1963 
650 0 |a Cristianismo  |9 257361 
650 0 |a Filosofía cristiana   |9 265980 
650 7 |a HOMBRE  |2 CL-VaPUC  |9 262149 
650 0 |a Dios   |9 266622 
650 7 |a MATRIMONIO  |2 CL-VaPUC  |9 378203 
650 0 |a Pecado  |9 314980 
650 0 |a Mal  |9 323721 
583 |a last modification  |c 19970117 00:00:00  |k Rodrigo Vera 
999 |c 255923  |d 255921 
952 |0 0  |1 0  |4 0  |6 261_000000000000000_VID_1963  |7 0  |8 A  |9 278415  |a BIBTEO  |b BIBTEO  |d 2019-11-19  |i 2009986  |o 261 VID 1963  |p 2009986  |r 2025-01-17  |w 2019-11-19  |y BK  |k ICR